Central Library OPAC University of Rajshahi

War as a social institution; (Record no. 5780)

MARC details
000 -LEADER
fixed length control field 01078cam a22003012a 4500
001 - CONTROL NUMBER
control field 5780
003 - CONTROL NUMBER IDENTIFIER
rucl marc code BD RJUL
005 - DATE AND TIME OF LATEST TRANSACTION
control field 20211208234127.0
008 - FIXED-LENGTH DATA ELEMENTS--GENERAL INFORMATION
fixed length control field 07 r1966 nyu b 000 0 eng d
035 ## - SYSTEM CONTROL NUMBER
System control number BD RJUL 5819
040 ## - CATALOGING SOURCE
Original cataloging agency DLC
Transcribing agency CPL
Modifying agency OCL
-- BD RJUL
Language of cataloging eng
041 ## - LANGUAGE CODE
Language code of text/sound track or separate title eng
082 ## - DEWEY DECIMAL CLASSIFICATION NUMBER
Classification number 355
Author mark and year WAR 1966
110 2# - MAIN ENTRY--CORPORATE NAME
Corporate name or jurisdiction name as entry element American Historical Association.
9 (RLIN) 18148
245 10 - TITLE STATEMENT
Title War as a social institution;
Remainder of title the historian's perspective /
Statement of responsibility, etc. edited for the American historical association by Jesse D. Clarkson and Thomas C. Cochran
260 ## - PUBLICATION, DISTRIBUTION, ETC. (IMPRINT)
Place of publication, distribution, etc. New York :
Name of publisher, distributor, etc. Columbia University Press,
Date of publication, distribution, etc. 1941 [Reprinted 1966]
300 ## - PHYSICAL DESCRIPTION
Pagination xvii, 333 p.
Size 24 cm
500 ## - GENERAL NOTE
General note Essays by twenty-six authors
504 ## - BIBLIOGRAPHY, ETC. NOTE
Bibliography, etc Bibliographical foot-notes
650 #0 - SUBJECT ADDED ENTRY--TOPICAL TERM
Topical term or geographic name as entry element War
9 (RLIN) 18149
Topical term or geographic name as entry element Military art and science
9 (RLIN) 18150
Topical term or geographic name as entry element Neutrality
9 (RLIN) 16180
Topical term or geographic name as entry element World War, 1939-1945
Geographic subdivision United States
9 (RLIN) 18151
700 1# - ADDED ENTRY--PERSONAL NAME
Personal name Clarkson, Jesse D.
Fuller form of name (Jesse Dunsmore),
Dates associated with a name 1897-
Personal name Cochran, Thomas C.
Fuller form of name (Thomas Childs),
Dates associated with a name 1902-1999
942 ## - ADDED ENTRY ELEMENTS (KOHA)
Source of classification or shelving scheme Dewey Decimal Classification
Koha item type Books
Holdings
Lost status Source of classification or shelving scheme Damaged status Not for loan Collection code Permanent Location Current Location Shelving location Date acquired Source of acquisition Cost, normal purchase price Total Checkouts Full call number Date last seen Copy number Koha item type
  Dewey Decimal Classification   Not For Loan Non-fiction Central Library, University of Rajshahi Central Library, University of Rajshahi   01/08/1971 N/A 0.00   355 WAR 1966 07/01/2014 C-1 Books